Biggest Nhl Trades - Statistics

General Stats
  • This quiz has been taken 253 times
  • The average score is 10 of 34
Answer Stats
Year Team Player Team Player % Correct
2016 Nashville P.K Subban Montreal Shea Weber
94%
2016 Edmonton Adam Larsson New Jersey Taylor Hall
83%
2015 Toronto Kasperi Kapanen Pittsburgh Phil Kessel
54%
1988 Edmonton Jimmy Carson Los Angeles Wayne Gretzky
50%
1992 Philadelphia Eric Lindros Quebec Peter Forsberg
47%
2016 Columbus Seth Jones Nashville Ryan Johansen
47%
2013 Boston Louis Eriksson Dallas Tyler Seguin
42%
2006 Boston Marco Sturm San Jose Joe Thornton
38%
1995 Montreal Jocelyn Thibault Colorado Patrick Roy
38%
1995 Dallas Joe Nieuwendyk Calgary Jarome Iginla
37%
2014 Tampa Bay Ryan Callahan Rangers Martin St Louis
37%
1994 Quebec Wendel Clark Toronto Mats Sundin
33%
2015 Boston 2015 1 round picks Calgary Dougie Hamilton
31%
2015 Winnipeg Tyler Myers Buffalo Evander Kane
30%
1991 Edmonton Bernie Nicholls Rangers Mark Messier
29%
2006 Florida Todd Bertuzzi Vancouver Roberto Luongo
29%
2000 Boston Brian Rolston Colorado Ray Bourque
27%
1991 Islanders Pierre Turgeon Buffalo Pat Lafontaine
26%
2015 Boston Martin Jones Los Angeles Milan Lucic
25%
2014 Vancouver Nick Bonino Aanahiem Ryan Kesler
22%
1990 Montreal Denis Savard Chicago Chris Chelios
20%
1992 Calgary Gary Leeman Toronto Doug Gilmour
20%
1975 Boston Brad Park Rangers Phil Esposito
20%
1967 Chicago Gilles Marotte Boston Phil Esposito
20%
1991 Hartford Zarley Zalapski Pittsburgh Ron Francis
20%
2014 Buffalo Jaroslav Halak St Louis Ryan Miller
20%
2014 Ottawa Alex Chiasson Dallas Jason Spezza
19%
2013 Buffalo Matt Moulson Islanders Thomas Vanek
14%
1990 Buffalo Dale Hawerchuk Winnipeg Phil Housley
13%
2015 Arizona Anthony Duclair Rangers Keith Yandle
12%
1982 Montreal Rick Green Washington Rod Langway
9%
1968 Toronto Norm Ullman Detroit Frank Mahovlich
6%
1963 Rangers Jacques Plante Montreal Gump Worsely
3%
1947 Chicago Bud Poile Toronto Max Bentley
1%
No matching quizzes found
Score Distribution
Percent of People with Each Score
Percentile by Number Answered
Your Score History
You have not taken this quiz